[Event "Move that king"]
[Site "SchemingMind.com"]
[Date "2010.08.15"]
[Round "-"]
[White "kiraly"]
[Black "Phillip Beckett"]
[Result "1-0"]
[WhiteCountry "INT"]
[BlackCountry "ENG"]
[WhiteElo "2307"]
[WhiteRD "78"]
[BlackElo "1656"]
[BlackRD "57"]
[GameID "257677"]

1. e4 e5 2. Nf3 Nc6 3. Bc4 Nf6 4. Ng5 Bc5 5. Bxf7+ Ke7 6. Bb3 Rf8 7. O-O d6 8. Nc3 Nd4 9. Nd5+ Nxd5 10. Bxd5 h6
11. c3 c6 12. cxd4 Bxd4 13. Nf3 cxd5 14. Nxd4 exd4 15. Re1 dxe4 16. Rxe4+ Kf7 17. d3 Kg8 18. Qb3+ Kh8 19. Rxd4 Qf6 20. Be3 Qg6
21. Qd5 Bh3 22. Kh1 Rf5 23. Qxb7 Raf8 24. gxh3 d5 25. Rg4 Qf6 26. Bd4
1-0

[Event "Move that king"]
[Site "SchemingMind.com"]
[Date "2010.08.15"]
[Round "-"]
[White "Phillip Beckett"]
[Black "kiraly"]
[Result "0-1"]
[WhiteCountry "ENG"]
[BlackCountry "INT"]
[WhiteElo "1656"]
[WhiteRD "57"]
[BlackElo "2307"]
[BlackRD "78"]
[GameID "257692"]

1. e4 e5 2. Nf3 Nc6 3. Bc4 Nf6 4. Ng5 Bc5 5. Bxf7+ Ke7 6. Bd5 Rf8 7. O-O d6 8. c3 Bg4 9. Qb3 Qc8 10. d4 exd4
11. Bxc6 bxc6 12. Qc4 Be6 13. Qd3 dxc3 14. Nxc3 h6 15. Nf3 Kf7 16. e5 Nd5 17. Nxd5 Bxd5 18. exd6 cxd6 19. Nh4 Qe6 20. Bd2 Bc4
21. Qf3+ Kg8 22. Qxc6 Rac8 23. Qb7 Rb8 24. Qc7 Bxf1 25. Bc3 Bxf2+ 26. Kh1 Qg4 27. Nf3 Bxg2#
0-1

[Event "Move that king"]
[Site "SchemingMind.com"]
[Date "2010.08.22"]
[Round "-"]
[White "baobab"]
[Black "Theodoric"]
[Result "0-1"]
[WhiteCountry "ITA"]
[BlackCountry "ENG"]
[WhiteElo "1670"]
[WhiteRD "96"]
[BlackElo "2047"]
[BlackRD "79"]
[GameID "258137"]

1. e4 e5 2. Nf3 Nc6 3. Bc4 Nf6 4. Ng5 Bc5 5. Bxf7+ Ke7 6. Bb3 Rf8 7. Nc3 Bxf2+ 8. Kxf2 Nxe4+ 9. Ke3 Nxg5 10. d3 Nd4
11. Qg4 Ke8 12. Bd2 d6 13. Qg3 Nf5+
0-1

[Event "Move that king"]
[Site "SchemingMind.com"]
[Date "2010.08.22"]
[Round "-"]
[White "Theodoric"]
[Black "baobab"]
[Result "1-0"]
[WhiteCountry "ENG"]
[BlackCountry "ITA"]
[WhiteElo "2056"]
[WhiteRD "80"]
[BlackElo "1657"]
[BlackRD "98"]
[GameID "258140"]

1. e4 e5 2. Nf3 Nc6 3. Bc4 Nf6 4. Ng5 Bc5 5. Bxf7+ Ke7 6. Bb3 d5 7. Nc3 Rf8 8. exd5 Nd4 9. Bc4 Ng4 10. Nce4 b5
11. Bxb5 Qxd5 12. c4 Qb7 13. O-O Nxb5 14. Nxc5 Qb6 15. Nce4 Nd6 16. c5
1-0

[Event "Move that king"]
[Site "SchemingMind.com"]
[Date "2010.09.14"]
[Round "-"]
[White "Clive Everill"]
[Black "cnbcad"]
[Result "1-0"]
[WhiteCountry "CZE"]
[BlackCountry "USA"]
[WhiteElo "1642"]
[WhiteRD "51"]
[BlackElo "1697"]
[BlackRD "60"]
[GameID "259917"]

1. e4 e5 2. Nf3 Nc6 3. Bc4 Nf6 4. Ng5 Bc5 5. Bxf7+ Ke7 6. Bd5 Nxd5 7. exd5 Qf8 8. Ne4 Bxf2+ 9. Nxf2 Nd4 10. c3 Nb5
11. O-O Qe8 12. d4 d6 13. Bg5+ Kf7 14. Qh5+ g6 15. Ne4+
1-0

[Event "Move that king"]
[Site "SchemingMind.com"]
[Date "2010.09.15"]
[Round "-"]
[White "aelawton"]
[Black "Uzi Mike"]
[Result "0-1"]
[WhiteCountry "GBR"]
[BlackCountry "USA"]
[WhiteElo "1763"]
[WhiteRD "79"]
[BlackElo "2277"]
[BlackRD "73"]
[GameID "259921"]

1. e4 e5 2. Nf3 Nc6 3. Bc4 Nf6 4. Ng5 Bc5 5. Bxf7+ Ke7 6. Bb3 Rf8 7. d3 d6 8. Rf1 Bg4 9. f3 Bc8 10. f4 exf4
11. Bxf4 h6 12. Nf3 g5 13. Bg3 Nh5 14. Bf2 Nf4 15. Bxc5 Nxg2+ 16. Kf2 Bh3 17. Rg1 g4 18. Be3 Rxf3+ 19. Ke2 Nxe3 20. Qd2 Nd4+
21. Ke1 Qf8 22. Qc3 Rf1+ 23. Rxf1 Qxf1+ 24. Kd2 Qe2+ 25. Kc1 Qd1#
0-1

[Event "Move that king"]
[Site "SchemingMind.com"]
[Date "2010.09.11"]
[Round "-"]
[White "cdevos"]
[Black "jarkus"]
[Result "1-0"]
[WhiteCountry "NED"]
[BlackCountry "POL"]
[WhiteElo "1799"]
[WhiteRD "81"]
[BlackElo "1665"]
[BlackRD "76"]
[GameID "259923"]

1. e4 e5 2. Nf3 Nc6 3. Bc4 Nf6 4. Ng5 Bc5 5. Bxf7+ Ke7 6. Nc3 h6 7. Nd5+ Kd6 8. Nh3 Rf8 9. Bg6 Nxd5 10. exd5 Ne7
11. Be4 Ng8 12. d3 Qf6 13. O-O c6 14. d4 exd4 15. Bf4+ Ke7 16. Qh5 d6 17. g4 cxd5 18. Bxd5 g6 19. g5 gxh5 20. gxf6+ Rxf6
21. Rfe1+ Kf8 22. Bxh6+ Rxh6 23. Nf4 Bf5 24. Re2 Rb8 25. Rb1 b6 26. b4 Nf6 27. Bf3 h4 28. bxc5 dxc5 29. Re5 Bxc2 30. Ne6+ Kg8
31. Rb2 Nd7 32. Rg5+ Bg6 33. Bd5 Kh7 34. Nf4 Nf6 35. Bc6 Rd8 36. Re2 d3 37. Re7+ Kg8 38. Nxg6 Rh7 39. Nxh4+ Kh8 40. Ng6+ Kg8
41. Ne5+ Kh8 42. Nf7+ Rxf7 43. Rxf7 Nh7 44. Rh5 d2 45. Rfxh7+ Kg8 46. Rh8+
1-0

[Event "Move that king"]
[Site "SchemingMind.com"]
[Date "2010.09.14"]
[Round "-"]
[White "cnbcad"]
[Black "Clive Everill"]
[Result "0-1"]
[WhiteCountry "USA"]
[BlackCountry "CZE"]
[WhiteElo "1599"]
[WhiteRD "60"]
[BlackElo "1707"]
[BlackRD "50"]
[GameID "259926"]

1. e4 e5 2. Nf3 Nc6 3. Bc4 Nf6 4. Ng5 Bc5 5. Bxf7+ Ke7 6. Bc4 Rf8 7. Nc3 Bxf2+ 8. Kxf2 Nxe4+ 9. Ke1 Nxg5 10. d4 Ke8
11. dxe5 Nxe5 12. Bd3 Nxd3+ 13. Qxd3 d6 14. Bd2 Bf5 15. Qe3+ Ne6 16. Ne2 Qh4+ 17. g3 Qe4 18. Qxe4 Bxe4 19. Rg1 Bxc2 20. Nf4 Nd4
21. Kf2 g5 22. Rae1+ Kd7 23. Bc3 Nb5 24. Kg2 gxf4 25. gxf4 Rxf4 26. Kg3 Raf8 27. h3 Nxc3 28. bxc3 Rf3+ 29. Kg2 Rxc3 30. Kh2 Bf5
31. Rg7+ Kc6 32. Rf1 Rxh3+ 33. Kg1 Rh5 34. Rc1+ Kb6 35. Rcxc7 Be4 36. Rc4 Rh1#
0-1

[Event "Move that king"]
[Site "SchemingMind.com"]
[Date "2010.09.13"]
[Round "-"]
[White "Uzi Mike"]
[Black "aelawton"]
[Result "1-0"]
[WhiteCountry "USA"]
[BlackCountry "GBR"]
[WhiteElo "2277"]
[WhiteRD "73"]
[BlackElo "1763"]
[BlackRD "79"]
[GameID "259930"]

1. e4 e5 2. Nf3 Nc6 3. Bc4 Nf6 4. Ng5 Bc5 5. Bxf7+ Ke7 6. Bd5 Nxd5 7. exd5 h6 8. dxc6 bxc6 9. O-O Rf8 10. Nf3 d6
11. d4 Bb6 12. dxe5 Bg4 13. exd6+ Qxd6 14. Qe1+ Qe6 15. Qb4+ c5 16. Qc3 Kf7 17. Re1 Qc8 18. Ne5+ Kg8 19. Ng6 Rxf2 20. Ne7+ Kf8
21. Nxc8 Rxc8 22. Kxf2
1-0

[Event "Move that king"]
[Site "SchemingMind.com"]
[Date "2010.09.11"]
[Round "-"]
[White "jarkus"]
[Black "cdevos"]
[Result "1-0"]
[WhiteCountry "POL"]
[BlackCountry "NED"]
[WhiteElo "1665"]
[WhiteRD "76"]
[BlackElo "1799"]
[BlackRD "81"]
[GameID "259932"]

1. e4 e5 2. Nf3 Nc6 3. Bc4 Nf6 4. Ng5 Bc5 5. Bxf7+ Kf8 6. Bc4 Qe7 7. Nc3 Bxf2+ 8. Kxf2 Qc5+ 9. Ke1 Qxc4 10. b3 Qa6
11. Nd5 Qa5 12. Rf1 h6 13. Nxf6 gxf6 14. Qh5 Nd8 15. Rxf6+ Ke7 16. Rxh6 Rxh6 17. Qxh6 d6 18. Qg7+ Ke8 19. Bb2 Qc5 20. c3 Bg4
21. Nf3 Be6 22. Kd1 a5 23. Kc2 b5 24. Rf1 c6 25. Ng5 d5 26. Nxe6 Nxe6 27. Qg6+ Kd7 28. Qf7+ Qe7 29. exd5 cxd5 30. c4 bxc4
31. Ba3 Nd4+ 32. Kb1 Qxf7 33. Rxf7+ Ke6 34. Rf1 cxb3 35. axb3 Nxb3 36. Kc2 Nd4+ 37. Kd1 Rb8 38. Kc1 Rc8+ 39. Kd1 a4 40. g4 Nb5
41. Bb2 a3 42. Ba1 Nd4 43. g5 Nc2 44. Rf6+ Ke7 45. Bxe5 a2 46. Ra6 Nb4 47. Ra4 Rc4 48. g6 Nd3 49. Rxc4 dxc4 50. Ba1 Nf2+
51. Kc2 Ne4 52. h4 Ke6 53. h5 c3 54. dxc3 Nf6 55. h6
1-0

[Event "Move that king"]
[Site "SchemingMind.com"]
[Date "2010.09.13"]
[Round "-"]
[White "XTC"]
[Black "chesspool"]
[Result "1-0"]
[WhiteCountry "COL"]
[BlackCountry "USA"]
[WhiteElo "1893"]
[WhiteRD "62"]
[BlackElo "1625"]
[BlackRD "61"]
[GameID "260092"]

1. e4 e5 2. Nf3 Nc6 3. Bc4 Nf6 4. Ng5 Bc5 5. Bxf7+ Ke7 6. Bb3 Rf8 7. d3 d6 8. O-O Bg4 9. Nf3 h6 10. h3 Bxf3
11. Qxf3 Nd4 12. Qd1 Nxb3 13. axb3 Kf7 14. Nc3 Kg8 15. Na4 Nd7 16. Nxc5 Nxc5 17. Be3 Ne6 18. Qg4 Qf6 19. b4 Nd4 20. Bxd4 exd4
21. Ra5 a6 22. Rf5
1-0

[Event "Move that king"]
[Site "SchemingMind.com"]
[Date "2010.09.17"]
[Round "-"]
[White "chesspool"]
[Black "XTC"]
[Result "0-1"]
[WhiteCountry "USA"]
[BlackCountry "COL"]
[WhiteElo "1625"]
[WhiteRD "61"]
[BlackElo "1893"]
[BlackRD "62"]
[GameID "260101"]

1. e4 e5 2. Nf3 Nc6 3. Bc4 Nf6 4. Ng5 Bc5 5. Bxf7+ Kf8 6. Bb3 Qe7 7. Nc3 d6 8. Nf7 Rg8 9. Ng5 Rh8 10. d3 Nd4
11. Na4 Nxb3 12. axb3 Bd4 13. c3 Bxf2+ 14. Kxf2 b5 15. Rf1 Ke8 16. Kg1 bxa4 17. Rxa4 Bg4 18. Nf3 h6 19. Be3 c5 20. h3 Be6
21. b4 cxb4 22. Rxb4 Kf7 23. Nh2 Rhb8 24. Rxb8 Rxb8 25. b4 Kg8 26. Rf3 d5 27. Rg3 Kh7 28. Nf3 Qc7 29. Qd2 dxe4 30. Ng5+ hxg5
31. Rxg5 Ra8 32. Bf2 a5 33. bxa5 Rxa5 34. c4 exd3 35. Qxd3+ e4 36. Qc3 Rxg5
0-1

[Event "Move that king"]
[Site "SchemingMind.com"]
[Date "2010.09.24"]
[Round "-"]
[White "jl1234"]
[Black "Naoki_M"]
[Result "1-0"]
[WhiteCountry "POL"]
[BlackCountry "JPN"]
[WhiteElo "1854"]
[WhiteRD "79"]
[BlackElo "1697"]
[BlackRD "76"]
[GameID "260810"]

1. e4 e5 2. Nf3 Nc6 3. Bc4 Nf6 4. Ng5 Bc5 5. Bxf7+ Ke7 6. Bd5 Rf8 7. O-O d6 8. Nc3 h6 9. Nf3 Bd7 10. Nh4 Qe8
11. d3 g5 12. Nf3 Qg6 13. Be3 Bd4 14. Bxc6 Bxc6 15. Bxd4 exd4 16. Nxd4 a6 17. Nce2 h5 18. Ng3 g4 19. Ngf5+ Kf7 20. Qd2 Ng8
21. Qa5 Rac8 22. f3 Ke8 23. Nxc6 bxc6 24. Qxa6 Kd7 25. Nd4 Ne7 26. f4 c5 27. Ne2 h4 28. Qc4 Rb8 29. b3 Rb4 30. Qc3 Nc6
31. a3 Rbb8 32. Qd2 g3 33. h3 Nd4 34. Nc3 c6 35. Nd1 Rb7 36. Ne3 Rfb8 37. Rab1 Qg8 38. b4 cxb4 39. axb4 Nb5 40. Nf5 Qh7
41. c4 Nc7 42. Ne3 Ne8 43. Nc2 Nf6 44. f5 Qh5 45. Rf4 c5 46. b5 Ra8 47. Rff1 Ra2 48. Qc3 Qh6 49. Ra1 Rxa1 50. Rxa1 Nh5
51. Qe1 Qf6 52. Ra2 Kc7 53. Kf1 Qe5 54. Qd2 Nf4 55. Ne1 Qd4 56. Nf3 Qf2+ 57. Qxf2 gxf2 58. Ra3 Kd7 59. Nxh4 Ke7 60. Kxf2 Kf6
61. Kf3 Nh5 62. g4 Ng7 63. Kf4 Rb8 64. g5+ Kf7 65. Ra7+ Kg8 66. Ng6 Ne8 67. h4 Rc8 68. Ne7+ Kf8 69. Nxc8 Ng7 70. Rxg7 Kxg7
71. Nxd6
1-0

[Event "Move that king"]
[Site "SchemingMind.com"]
[Date "2010.09.24"]
[Round "-"]
[White "Naoki_M"]
[Black "jl1234"]
[Result "0-1"]
[WhiteCountry "JPN"]
[BlackCountry "POL"]
[WhiteElo "1718"]
[WhiteRD "75"]
[BlackElo "1839"]
[BlackRD "75"]
[GameID "260815"]

1. e4 e5 2. Nf3 Nc6 3. Bc4 Nf6 4. Ng5 Bc5 5. Bxf7+ Ke7 6. Bb3 Rf8 7. O-O h6 8. Nf3 d6 9. Nc3 Bg4 10. h3 Bh5
11. d3 Nd4 12. Be3 Nxf3+ 13. gxf3 Nd7 14. Bxc5 Nxc5 15. Nd5+ Kd7 16. Kh2 Rxf3 17. Qe1 Qh4
0-1

[Event "Move that king"]
[Site "SchemingMind.com"]
[Date "2010.10.06"]
[Round "-"]
[White "jonjenson"]
[Black "smsrdan"]
[Result "0-1"]
[WhiteCountry "ENG"]
[BlackCountry "SRB"]
[WhiteElo "1809"]
[WhiteRD "89"]
[BlackElo "2132"]
[BlackRD "100"]
[GameID "262161"]

1. e4 e5 2. Nf3 Nc6 3. Bc4 Nf6 4. Ng5 Bc5 5. Bxf7+ Ke7 6. Bd5 Qe8 7. d3 d6 8. Bxc6 bxc6 9. Be3 Bxe3 10. fxe3 Qg6
11. Nf3 Qxg2 12. Rg1 Qh3 13. Rxg7+ Kd8 14. Rg3 Qh6 15. Qe2 Ke7 16. Nbd2 Bd7 17. O-O-O Rhg8 18. Rdg1 Be6 19. b3 a5 20. Kb2 a4
21. a3 axb3 22. cxb3 Rxg3 23. Rxg3 Ng4 24. Ne1 Nf6 25. Nc2 d5 26. Nf3 Kd6 27. Ncd4 exd4 28. e5+ Kd7 29. exf6 dxe3 30. Nd4 Qxf6
31. Qxe3 Re8 32. Ka2 c5 33. Nxe6 Rxe6 34. Qd2 Qe7 35. Rg2 Kc6 36. Qc2 Kb6 37. Kb2 Re3 38. Qf2 Qe5+ 39. Kc2 c4
0-1

[Event "Move that king"]
[Site "SchemingMind.com"]
[Date "2010.10.06"]
[Round "-"]
[White "smsrdan"]
[Black "jonjenson"]
[Result "1-0"]
[WhiteCountry "SRB"]
[BlackCountry "ENG"]
[WhiteElo "2018"]
[WhiteRD "122"]
[BlackElo "1773"]
[BlackRD "89"]
[GameID "262172"]

1. e4 e5 2. Nf3 Nc6 3. Bc4 Nf6 4. Ng5 Bc5 5. Bxf7+ Ke7 6. Bd5 Rf8 7. d3 d6 8. h3 Qe8 9. Be3 Bxe3 10. fxe3 Qg6
11. Nf3 Qxg2 12. Rg1 Qxh3 13. Rxg7+ Kd8 14. Qe2 Bg4 15. Nbd2 Nxd5 16. exd5 Nb4 17. O-O-O Nxd5 18. Rg1 Nf6 19. Qh2 Qxh2 20. Nxh2 Be6
21. Rf1 Rf7 22. Rxf7 Bxf7 23. Rxf6
1-0

[Event "Move that king"]
[Site "SchemingMind.com"]
[Date "2010.11.17"]
[Round "-"]
[White "Clive Everill"]
[Black "XTC"]
[Result "0-1"]
[WhiteCountry "CZE"]
[BlackCountry "COL"]
[WhiteElo "1684"]
[WhiteRD "49"]
[BlackElo "1889"]
[BlackRD "62"]
[GameID "267150"]

1. e4 e5 2. Nf3 Nc6 3. Bc4 Nf6 4. Ng5 Bc5 5. Bxf7+ Kf8 6. Bb3 Qe7 7. Nc3 d6 8. d3 Nd4 9. O-O Bg4 10. Qd2 h6
11. Nf7 Nxb3 12. axb3 Qxf7 13. Kh1 g5 14. f3 Be6 15. Na4 Bb6 16. Nxb6 cxb6 17. c4 Kg7 18. d4 Rhd8 19. d5 Bd7 20. Qf2 Rf8
21. Qe3 Nh5 22. Bd2 Qf4 23. Qe1 Qf7 24. Bb4 Qg6 25. Rd1 a5 26. Bc3 b5 27. Bxa5 bxc4 28. bxc4 g4 29. fxg4 Rxf1+ 30. Qxf1 Bxg4
31. Ra1 Qxe4 32. b4 Nf4 33. Re1 Be2 34. Qf2 Qxc4 35. Qg3+ Kh7 36. h3 Rg8 37. Qh4 Nxg2 38. Qxc4 Bxc4 39. Rd1 Ne3 40. Rd2 Bxd5+
0-1

[Event "Move that king"]
[Site "SchemingMind.com"]
[Date "2010.11.17"]
[Round "-"]
[White "XTC"]
[Black "Clive Everill"]
[Result "1-0"]
[WhiteCountry "COL"]
[BlackCountry "CZE"]
[WhiteElo "1893"]
[WhiteRD "62"]
[BlackElo "1707"]
[BlackRD "50"]
[GameID "267154"]

1. e4 e5 2. Nf3 Nc6 3. Bc4 Nf6 4. Ng5 Bc5 5. Bxf7+ Ke7 6. Bb3 Rf8 7. d3 Bxf2+ 8. Kxf2 Nxe4+ 9. Kg1 Nf2 10. Qh5 Nxh1
11. Nf7 g6 12. Qg5+ Ke8 13. Nxd8 Nxd8 14. Qxe5+ Ne6 15. Bh6 Rf5 16. Qh8+ Nf8 17. Nc3 Nf2 18. Re1+ Kd8 19. Bxf8
1-0

[Event "Move that king"]
[Site "SchemingMind.com"]
[Date "2010.12.02"]
[Round "-"]
[White "cdevos"]
[Black "Uzi Mike"]
[Result "0-1"]
[WhiteCountry "NED"]
[BlackCountry "USA"]
[WhiteElo "1788"]
[WhiteRD "75"]
[BlackElo "2263"]
[BlackRD "73"]
[GameID "268205"]

1. e4 e5 2. Nf3 Nc6 3. Bc4 Nf6 4. Ng5 Bc5 5. Bxf7+ Ke7 6. Bc4 Rf8 7. c3 h6 8. Nf3 Nxe4 9. d4 d5 10. b4 dxc4
11. bxc5 Qd5 12. O-O Bg4 13. h3 Bxf3 14. gxf3 Ng5 15. Bxg5+ hxg5
0-1

[Event "Move that king"]
[Site "SchemingMind.com"]
[Date "2010.12.02"]
[Round "-"]
[White "Uzi Mike"]
[Black "cdevos"]
[Result "1-0"]
[WhiteCountry "USA"]
[BlackCountry "NED"]
[WhiteElo "2263"]
[WhiteRD "73"]
[BlackElo "1788"]
[BlackRD "75"]
[GameID "268209"]

1. e4 e5 2. Nf3 Nc6 3. Bc4 Nf6 4. Ng5 Bc5 5. Bxf7+ Kf8 6. Bb3 Qe7 7. Nc3 d6 8. Kf1 Nd4 9. Nf3 Nxb3 10. axb3 Ng4
11. d4 exd4 12. Bg5 Qf7 13. Na4 b6 14. h3
1-0

[Event "Move that king"]
[Site "SchemingMind.com"]
[Date "2011.03.01"]
[Round "-"]
[White "Uzi Mike"]
[Black "Theodoric"]
[Result "1-0"]
[WhiteCountry "USA"]
[BlackCountry "ENG"]
[WhiteElo "2241"]
[WhiteRD "74"]
[BlackElo "1947"]
[BlackRD "80"]
[GameID "276791"]

1. e4 e5 2. Nf3 Nc6 3. Bc4 Nf6 4. Ng5 Bc5 5. Bxf7+ Ke7 6. Bb3 Rf8 7. d3 h6 8. Nf3 d6 9. Be3 Bxe3 10. fxe3 Na5
11. O-O Nxb3 12. axb3 Ng4 13. Qe1 Kf7 14. Nxe5+ Kg8 15. Rxf8+ Qxf8 16. Nxg4 Bxg4 17. Nc3 a6 18. Qg3 Bd7 19. Rf1 Qd8 20. Qg6
1-0

[Event "Move that king"]
[Site "SchemingMind.com"]
[Date "2011.03.01"]
[Round "-"]
[White "Theodoric"]
[Black "Uzi Mike"]
[Result "0-1"]
[WhiteCountry "ENG"]
[BlackCountry "USA"]
[WhiteElo "1947"]
[WhiteRD "80"]
[BlackElo "2241"]
[BlackRD "74"]
[GameID "276800"]

1. e4 e5 2. Nf3 Nc6 3. Bc4 Nf6 4. Ng5 Bc5 5. Bxf7+ Ke7 6. Bd5 Rf8 7. O-O d6 8. c3 Bg4 9. Qb3 h6 10. d4 exd4
11. Qxb7 Na5 12. Qb5 c6 13. Bxc6 Rb8 14. e5 Rxb5 15. exf6+ Rxf6 16. Re1+ Kf8 17. Bxb5 dxc3 18. Ne4 Qe7 19. Rd1 c2 20. Rf1 cxb1=Q
0-1

[Event "Move that king"]
[Site "SchemingMind.com"]
[Date "2011.03.11"]
[Round "-"]
[White "kiraly"]
[Black "smsrdan"]
[Result "0-1"]
[WhiteCountry "INT"]
[BlackCountry "SRB"]
[WhiteElo "2190"]
[WhiteRD "86"]
[BlackElo "2215"]
[BlackRD "104"]
[GameID "277647"]

1. e4 e5 2. Nf3 Nc6 3. Bc4 Nf6 4. Ng5 Bc5 5. Bxf7+ Ke7 6. Bc4 Rf8 7. O-O h6 8. Nf3 d6 9. b4 Nxb4 10. c3 Nc6
11. d4 Bb6 12. dxe5 Nxe5
0-1

[Event "Move that king"]
[Site "SchemingMind.com"]
[Date "2011.03.11"]
[Round "-"]
[White "smsrdan"]
[Black "kiraly"]
[Result "1-0"]
[WhiteCountry "SRB"]
[BlackCountry "INT"]
[WhiteElo "2215"]
[WhiteRD "104"]
[BlackElo "2190"]
[BlackRD "86"]
[GameID "277650"]

1. e4 e5 2. Nf3 Nc6 3. Bc4 Nf6 4. Ng5 Bc5 5. Bxf7+ Kf8 6. Bb3 Qe7 7. d3 h6 8. Nf3 g5 9. h3 Kg7 10. Be3 Bxe3
11. fxe3 d6 12. Nbd2
1-0

[Event "Move that king"]
[Site "SchemingMind.com"]
[Date "2011.05.18"]
[Round "-"]
[White "smsrdan"]
[Black "XTC"]
[Result "1-0"]
[WhiteCountry "SRB"]
[BlackCountry "COL"]
[WhiteElo "2152"]
[WhiteRD "100"]
[BlackElo "1927"]
[BlackRD "76"]
[GameID "284017"]

1. e4 e5 2. Nf3 Nc6 3. Bc4 Nf6 4. Ng5 Bc5 5. Bxf7+ Kf8 6. Bb3 Qe7 7. d3 h6 8. Nf3 g6 9. c3 Kg7 10. Nbd2 d6
11. h3 Be6 12. Bxe6 Qxe6 13. Nf1 d5 14. exd5 Nxd5 15. Ng3 Raf8 16. O-O
1-0

[Event "Move that king"]
[Site "SchemingMind.com"]
[Date "2011.05.18"]
[Round "-"]
[White "XTC"]
[Black "smsrdan"]
[Result "0-1"]
[WhiteCountry "COL"]
[BlackCountry "SRB"]
[WhiteElo "1927"]
[WhiteRD "76"]
[BlackElo "2152"]
[BlackRD "100"]
[GameID "284021"]

1. e4 e5 2. Nf3 Nc6 3. Bc4 Nf6 4. Ng5 Bc5 5. Bxf7+ Ke7 6. Bb3 Rf8 7. d3 h6 8. Nf3 d6 9. Nc3 Bg4 10. h3 Bh5
11. O-O Nd4 12. Be3 Nxb3 13. axb3 Bxf3 14. Qxf3 Bxe3 15. Qxe3 Kf7 16. f4 a6
0-1

[Event "Move that king"]
[Site "SchemingMind.com"]
[Date "2011.08.27"]
[Round "-"]
[White "Uzi Mike"]
[Black "smsrdan"]
[Result "1-0"]
[WhiteCountry "USA"]
[BlackCountry "SRB"]
[WhiteElo "2292"]
[WhiteRD "75"]
[BlackElo "2144"]
[BlackRD "97"]
[GameID "291419"]

1. e4 e5 2. Nf3 Nc6 3. Bc4 Nf6 4. Ng5 Bc5 5. Bxf7+ Ke7 6. Bb3 Rf8 7. O-O d6 8. Nc3 Bg4 9. Nd5+ Nxd5 10. Qxg4 Nf4
11. Nxh7
1-0